<?xml version="1.0" encoding="UTF-8"?><?xml-stylesheet type="text/xsl" href="static/style.xsl"?><OAI-PMH xmlns="http://www.openarchives.org/OAI/2.0/" xmlns:xsi="http://www.w3.org/2001/XMLSchema-instance" xsi:schemaLocation="http://www.openarchives.org/OAI/2.0/ http://www.openarchives.org/OAI/2.0/OAI-PMH.xsd"><responseDate>2026-04-13T04:09:40Z</responseDate><request verb="GetRecord" identifier="oai:www.recercat.cat:10230/35201" metadataPrefix="marc">https://recercat.cat/oai/request</request><GetRecord><record><header><identifier>oai:recercat.cat:10230/35201</identifier><datestamp>2025-12-18T01:16:09Z</datestamp><setSpec>com_2072_6</setSpec><setSpec>col_2072_452952</setSpec></header><metadata><record xmlns="http://www.loc.gov/MARC21/slim" xmlns:dcterms="http://purl.org/dc/terms/" xmlns:xsi="http://www.w3.org/2001/XMLSchema-instance" xmlns:doc="http://www.lyncode.com/xoai" xsi:schemaLocation="http://www.loc.gov/MARC21/slim http://www.loc.gov/standards/marcxml/schema/MARC21slim.xsd">
   <leader>00925njm 22002777a 4500</leader>
   <datafield ind2=" " ind1=" " tag="042">
      <subfield code="a">dc</subfield>
   </datafield>
   <datafield ind2=" " ind1=" " tag="720">
      <subfield code="a">AbuRa&amp;apos;ed, Ahmed Ghassan Tawfiq</subfield>
      <subfield code="e">author</subfield>
   </datafield>
   <datafield ind2=" " ind1=" " tag="720">
      <subfield code="a">Bravo Serrano, Àlex, 1984-</subfield>
      <subfield code="e">author</subfield>
   </datafield>
   <datafield ind2=" " ind1=" " tag="720">
      <subfield code="a">Chiruzzo, Luis</subfield>
      <subfield code="e">author</subfield>
   </datafield>
   <datafield ind2=" " ind1=" " tag="720">
      <subfield code="a">Saggion, Horacio</subfield>
      <subfield code="e">author</subfield>
   </datafield>
   <datafield ind2=" " ind1=" " tag="260">
      <subfield code="c">2018-07-19T07:43:12Z</subfield>
   </datafield>
   <datafield ind2=" " ind1=" " tag="260">
      <subfield code="c">2018-07-19T07:43:12Z</subfield>
   </datafield>
   <datafield ind2=" " ind1=" " tag="260">
      <subfield code="c">2018</subfield>
   </datafield>
   <datafield ind2=" " ind1=" " tag="520">
      <subfield code="a">Comunicació presentada al congrés BIRNDL 2018, 3rd Joint Workshop on Bibliometric-enhanced Information Retrieval and Natural Language Processing for Digital Libraries que va tenir lloc el 21 de juliol de 2018 a Ann Arbor, Estats Units.</subfield>
   </datafield>
   <datafield ind2=" " ind1=" " tag="520">
      <subfield code="a">In this paper we present several systems developed to partic-&#xd;
ipate in the 3rd Computational Linguistics Scienti c Document Summa-&#xd;
rization Shared challenge which addresses the problem of summarizing&#xd;
a scienti c paper taking advantage of its citation network (i.e., the pa-&#xd;
pers that cite the given paper). Given a cluster of scienti c documents&#xd;
where one is a reference paper (RP) and the remaining documents are&#xd;
papers citing the reference, two tasks are proposed: (i) to identify which&#xd;
sentences in the reference paper are being cited and why they are cited,&#xd;
and (ii) to produce a citation-based summary of the reference paper using&#xd;
the information in the cluster. Our systems are based on both supervised&#xd;
(Convolutional Neural Networks) and unsupervised techiques taking ad-&#xd;
vantage of word embeddings representations and features computed from&#xd;
the linguistic and semantic analysis of the documents.</subfield>
   </datafield>
   <datafield ind2=" " ind1=" " tag="520">
      <subfield code="a">This work is (partly) supported by the Spanish Ministry of Economy and Com-&#xd;
petitiveness under the Maria de Maeztu Units of Excellence Programme (MDM-&#xd;
2015-0502) and by the TUNER project (TIN2015-65308-C5-5-R, MINECO/FEDER,&#xd;
UE).</subfield>
   </datafield>
   <datafield tag="653" ind2=" " ind1=" ">
      <subfield code="a">Citation-based summarization</subfield>
   </datafield>
   <datafield tag="653" ind2=" " ind1=" ">
      <subfield code="a">Scientific document analysis</subfield>
   </datafield>
   <datafield tag="653" ind2=" " ind1=" ">
      <subfield code="a">Convolutional neural networks</subfield>
   </datafield>
   <datafield tag="653" ind2=" " ind1=" ">
      <subfield code="a">Text-similarity measures</subfield>
   </datafield>
   <datafield ind2="0" ind1="0" tag="245">
      <subfield code="a">LaSTUS/TALN+INCO @ CL-SciSumm 2018 - Using regression and convolutions for cross-document semantic linking and summarization of scholarly literature</subfield>
   </datafield>
</record></metadata></record></GetRecord></OAI-PMH>